000 00332nam a22001337a 4500
008 181010b xxu||||| |||| 00| 0 eng d
020 _a9780134003405
041 _aeng
080 _24th
_a159.9
100 _a48
101 _aPSI
245 _aCognitive Psychology Applying the Science of the Mind
_cRiegler,B.R
942 _2udc
_cBK
999 _c49302
_d49302